Movies Quiz

Random Movies or Star Wars Quiz

The Crazy Jawa's Droid Emporium Quiz Stats

 Plays Quiz Updated Dec 14, 2017

Challenge
Share
Tweet
Score 0/13 Timer 06:00
5 Plays Today
% Correct
???
94.6%
???
94.5%
???
92%
???
91%
???
90.1%
???
89.1%
???
88.7%
???
87.2%
???
86.4%
???
86.3%
???
85.7%
???
80.3%
???
78.7%

You're not logged in!

Compare scores with friends on all Sporcle quizzes.
Join for Free
OR
Log In

You Might Also Like...

Show Comments

Extras

Top Quizzes Today


Score Distribution

Your Account Isn't Verified!

In order to create a playlist on Sporcle, you need to verify the email address you used during registration. Go to your Sporcle Settings to finish the process.

Report this User

Report this user for behavior that violates our Community Guidelines.

Details: